| 000 | 00684nam a22002057a 4500 | ||
|---|---|---|---|
| 003 | BD-DhUL | ||
| 005 | 20220821122218.0 | ||
| 008 | 220808s2020 bg ||||| |||| 00| 0 ben | ||
| 020 | _a9789844101531 (hbk) | ||
| 040 |
_aBD-DhUL _cBD-DhUL |
||
| 082 |
_a891.443 _bSIB |
||
| 100 | 1 | _aসিকদার, সৌরভ | |
| 245 | 0 | 0 |
_aভূমিকম্প পাখির ডাক / _cসৌরভ সিকদার । |
| 260 |
_aঢাকা : _bমাওলা, _c২০২০ । |
||
| 300 |
_a১৩৬ পৃ. ; _c২২ সেমি. |
||
| 365 |
_aBDT _b280.00 |
||
| 650 | 4 | _aবাংলা উপন্যাস । | |
| 650 | 4 | _aBengali fiction. | |
| 942 |
_2ddc _cBK |
||
| 999 |
_c256771 _d256771 |
||